| 000 | 00464cam a2200181ua 4500 | ||
|---|---|---|---|
| 020 | _cRs 10.00 | ||
| 041 |
_ahin _h |
||
| 082 |
_a891.54 _bRAG/PU |
||
| 100 | _aRaghunath Dath, Bandu . | ||
| 245 |
_aPuran katha koumudi / _cRaghunath Dath Bandu. _hTextual Documents |
||
| 250 |
_a1 / _b. |
||
| 260 |
_aNew Delhi : _bNational Publishing House , _c1962. |
||
| 300 | _a320 ; . | ||
| 365 | _aRs 10.00 | ||
| 504 | _a | ||
| 942 | _cBK | ||
| 999 |
_c3698 _d3698 |
||